О существовании точек Штейнгауза. Элементарное рассмотрение (Запись № 13314399)

Подробности
000 -МАРКЕР
контрольное поле 03335nam0a2200361 4500
001 - ИДЕНТИФИКАТОР ЗАПИСИ
контрольное поле RU\NLR\BIBL_A\016308293
005 - ИДЕНТИФИКАТОР ВЕРСИИ
контрольное поле 20250217163711.0
021 ## - НОМЕР ГОСУДАРСТВЕННОЙ РЕГИСТРАЦИИ
Код страны Российская Федерация
Номер КН-П-23-003181
Номер Листа государственной регистраци КН-П-23-0311
035 ## - ДРУГИЕ СИСТЕМНЫЕ НОМЕРА
Идентификатор записи (NLR Aleph) 016308293
035 ## - ДРУГИЕ СИСТЕМНЫЕ НОМЕРА
Идентификатор записи (RuMoRGB)011545708
100 ## - ДАННЫЕ ОБЩЕЙ ОБРАБОТКИ
Данные общей обработки 20230313d2022 k y0rusy50 ca
101 0# - ЯЗЫК РЕСУРСА
Язык текста, звукозаписи и т.д. русский
Язык резюме английский
102 ## - СТРАНА ПУБЛИКАЦИИ ИЛИ ПРОИЗВОДСТВА
Страна публикации Российская Федерация
105 ## - ПОЛЕ КОДИРОВАННЫХ ДАННЫХ: ТЕКСТОВЫЕ МАТЕРИАЛЫ, МОНОГРАФИЧЕСКИЕ
Кодированные данные о монографическом текстовом документе a|||z|||010zy
181 #0 - ПОЛЕ КОДИРОВАННЫХ ДАННЫХ: ВИД СОДЕРЖАНИЯ
Код вида содержания (ISBD) i
Код характеристики содержания (ISBD) axxe
182 #0 - ПОЛЕ КОДИРОВАННЫХ ДАННЫХ: ТИП СРЕДСТВА
Код типа средства (ISBD) n - непосредственное
200 1# - ЗАГЛАВИЕ И СВЕДЕНИЯ ОБ ОТВЕТСТВЕННОСТИ
Основное заглавие О существовании точек Штейнгауза. Элементарное рассмотрение
Первые сведения об ответственности Н. С. Келлин
203 ## - ВИД СОДЕРЖАНИЯ И ТИП СРЕДСТВА
Вид содержания Текст
Дополнительные сведения об издании визуальный
Тип средства непосредственный
210 ## - ПУБЛИКАЦИЯ, РАСПРОСТРАНЕНИЕ И ДР.
Место издания, распространения и т.д. Москва
Имя издателя, распространителя и т. д. ИПМ им. М. В. Келдыша РАН
Дата издания, распространения и т.д. 2022
215 ## - ФИЗИЧЕСКАЯ ХАРАКТЕРИСТИКА
Специфическое обозначение материала и объем 36 с.
Другие сведения о физической характеристике ил., цв. ил., табл.
Размеры 21
225 1# - СЕРИЯ
Основное заглавие серии Препринты ИПМ им. М. В. Келдыша
Параллельное заглавие серии Keldysh institute preprints
Сведения об ответственности гл. ред.: Б. Н. Четверушкин, акад. РАН
Язык параллельного заглавия английский
225 1# - СЕРИЯ
Основное заглавие серии Препринт
Сведения об ответственности Ин-т приклад. математики им. М. В. Келдыша Рос. акад. наук
ISSN серии 2071-2898
Обозначение тома № 92 за 2022 г.
300 ## - ОБЩИЕ ПРИМЕЧАНИЯ
Текст примечания Рез. англ.
300 ## - ОБЩИЕ ПРИМЕЧАНИЯ
Текст примечания На обл.: Рос. акад. наук, 300 лет
330 ## - РЕЗЮМЕ ИЛИ РЕФЕРАТ
Текст примечания В работе рассматриваются вопросы, связанные с известной "квадратной" гипотезой Штейнгауза, уже трижды попадавшей в список нерешённых проблем Ричарда Гая. Рассмотрение ведётся исключительно элементарными методами. То есть только такими, которые и могли быть использованы в работе со школьниками на математических Проектах Международных компьютерных школ юных (МКШЮ -4-7, 13-15). Полученные частные результаты весьма обширны: как в зимних, так и на летних сессиях МКШЮ ставилась задача получения максимально общих (с использованием элементарных методов) результатов при минимальных допущениях: исследуется система четырёх уравнений Пифагора с семью неизвестными. Нумерация формул и лемм-по параграфам; нумерация рисунков и теорем-сквозная. Обозначения переменных в основном тексте согласованы с использованными в Приложении 1 и приводимыми в нём чертежами. Обозначения переменных и чертежи в Приложениях 2 и 3 следуют книге Штейнгауза "Задачи и размышления"
606 1# - НАИМЕНОВАНИЕ ТЕМЫ КАК ПРЕДМЕТ
Наименование темы Штейнгауза задача
Системный номер авторитетной/нормативной записи 2662999
Идентификатор авторитетной/нормативной записи RU\NLR\AUTH\6601751026
686 1# - ИНДЕКСЫ ДРУГИХ КЛАССИФИКАЦИЙ
Индекс В181.149
700 #1 - ИМЯ ЛИЦА - ПЕРВИЧНАЯ ОТВЕТСТВЕННОСТЬ
Начальный элемент ввода Келлин
Часть имени, кроме начального элемента ввода Н. С.
Расширение инициалов личного имени Николай Сергеевич
942 ## - ДОПОЛНИТЕЛЬНЫЕ ЭЛЕМЕНТЫ ЗАПИСИ (АБИС)
Тип экземпляра АБИС Книга
980 ## - КОЛЛЕКЦИЯ
Название коллекции Национальная библиография
Экземпляры
Тип экземпляра Дата поступления Источник поступления Библиотека постоянного хранения Библиотека текущего хранения Место хранения Шифр хранения Штрих-код Статус экземпляра
Книга 13.03.2023 Обязательный экземпляр РНБ (Московский) РНБ (Московский) Русский книжный фонд: издания с 1957 года 2023-4/1906 1-4124343  
Книга 13.03.2023 Обязательный экземпляр РНБ (Московский) РНБ (Московский) Обменный фонд   1-4124344